Jak ochránit své dítě /
Uloženo v:
| Hlavní autor: | |
|---|---|
| Médium: | Kniha |
| Jazyk: | Czech |
| Vydáno: |
Praha :
Portál,
1995
|
| Vydání: | 1. vyd. |
| Edice: | Rádci pro rodiče a vychovatele
|
| Témata: |
děti
> rodinná výchova
> nebezpečí
> nebezpečné situace
> krizové situace
> týrání
> sexuální
> zneužívání
> násilí
> pornografie
> AIDS
> šikana
> hazardní hry
> prevence
> problematika
> problémy
> ochrana
> příručky
|
| Celkem bylo vypůjčeno: | 17x |
| Tagy: |
Žádné tagy |
| LEADER | 01207nam a2200301 a 4500 | ||
|---|---|---|---|
| 001 | 46853 | ||
| 005 | 20240330060721.0 | ||
| 008 | 000330s1995----xr ---------u-------cze-d | ||
| 015 | |a cnb000104494 | ||
| 020 | |a 80-7178-034-0 : |c 89.00 Kč |q (brož.) | ||
| 040 | |a UOG502 |e AACR2 |9 1 |b cze | ||
| 080 | |a 37 | ||
| 080 | |a 37.018.1 | ||
| 080 | |a 178 | ||
| 080 | |a 176 | ||
| 080 | |a 37.034 | ||
| 100 | 1 | |a Elliott, Michele |7 xx0028403 |4 aut |9 12347 | |
| 245 | 1 | 0 | |a Jak ochránit své dítě / |c Michele Elliottová ; [z anglického originálu přeložil Jiří Bumbálek] |
| 250 | |a 1. vyd. | ||
| 260 | |a Praha : |b Portál, |c 1995 | ||
| 300 | |a 173 s. | ||
| 490 | 1 | |a Rádci pro rodiče a vychovatele | |
| 653 | |a děti |a rodinná výchova |a nebezpečí |a nebezpečné situace |a krizové situace |a týrání |a sexuální |a zneužívání |a násilí |a pornografie |a AIDS |a šikana |a hazardní hry |a prevence |a problematika |a problémy |a ochrana |a příručky | ||
| 830 | 0 | |a Rádci pro rodiče a vychovatele | |
| 910 | |a UOG502 | ||
| 999 | |c 46853 |d 46853 | ||
| 942 | 0 | 0 | |0 15 |
| 993 | |0 0 |1 421180039324 |4 0 |6 37_000000000000000 |7 0 |9 27969 |a 89.00 |b 0 |c 39324 |d 2000-03-30 |e 17 |f SKLAD |g 37 |h 89.00 |l SKLAD |m 4 |r 2023-01-10 |s 2022-11-11 |t 5 |w 2017-09-19 |y KN |z NAUCNA | ||